000 00711nam a2200289Ia 4500
005 20260324131803.0
008 008 260324s9999 xx 000 0 eng d
020 _a9780203003671
037 _aEBOOK
040 _aCRL
040 _beng
040 _cCRL
041 _2eng
041 _aeng
084 _qCRL
100 _aJill Savege Scharff; David E. Scharff
_91186825
245 4 _aThe Legacy of Fairbairn and Sutherland
245 0 _bPsychotherapeutic Applications
260 _bTaylor and Francis
260 _c2005
365 _a
365 _b220
856 _uhttp://www.taylorfrancis.com/books/9780203003671
942 _cEBOOK
999 _c1784315
_d1784315